000 00840nam a22002897a 4500
003 CHAP
005 20220329135502.0
008 971013s1961 r 00010 d
010 _a37382
011 _a38354
035 _a42474
040 _cCHAP
082 _a634.928
_bM49 1961
100 0 0 _aMeyer, Hans Arthur.
_975288
245 _aForest management
250 _a2 ed.
260 _aNew York :
_bRonald Press,
_c1961
300 _a282 p.
_b: ilus
590 _aBATCH-UPD
_b10
_c20130110
_lUCH01
_h0901
590 _aBATCH-UPD
_b10
_c20130410
_lUCH01
_h0530
590 _aBATCH-UPD
_b10
_c20130914
_lUCH01
_h0702
590 _aCONVERSION
_b10
_c20130109
_lUCH01
_h1321
650 1 4 _aBosques
_xAdministración.
_914003
901 _aBK
942 _cLIBRO
949 _a634.928 M49 1961
_bBC
_cLIBRO
_d33724000246401
_eLIBRO
_h23645
_i42474
_si
999 _c37382
_d37382